Métiers de A à Z - Statistiques

Statistiques générales
  • Ce quiz a été pris 3 058 fois
  • Le résultat moyen est 6 sur 26
Statistiques - réponses
Lettre Indice Réponse % Correct
A C'est aussi un fruit un peu gras Avocat
84%
J Arbitre du bien et du mal Juge
59%
B Lutte contre la déshydratation mais pas forcément contre l'alcoolémie Barman
44%
I Va nous faire un dessin Illustrateur
38%
N Produit de nombreux actes Notaire
30%
Z Cherche la petite bête (ou la grosse) Zoologiste
30%
K Banzaï ! Karateka
29%
C Reçoit de l'argent Caissier
28%
H Passe son temps à faire des fleurs Horticulteur
25%
L Passe son temps au violon Luthier
22%
Q Paradis du bricoleur Quincaillier
20%
X Tape sur des bambous ? Xylophoniste
19%
U Un homme (ou une femme) pressé(e) Urgentiste
17%
F Se remarque à peine sur la scène Figurant
16%
Y Prétend faire de la télé Youtubeur
15%
O Chef de guerre Officier
14%
D Essaie de ne pas sauter Démineur
11%
E Dénude le poisson Ecailler
11%
G Peut casser des cailloux Géologue
11%
R Donne des nouvelles Reporter
11%
M Coud de la peau Maroquinier
9%
P De mèche avec ses clients Perruquier
7%
S Rarement professionnel quand il est masculin Secrétaire
4%
T Peut peigner la girafe, entre autres Toiletteur
4%
W Peut évoluer vers des sites remarquables Webmaster
4%
V Peut être amateur de bonnes bouteilles Verrier
1%
Aucun quiz correspondant
Distribution des résultats
% des personnes avec chaque résultat
Percentile par nombre de réponses
Votre historique - résultats
Vous n’avez pas pris ce quiz